[Event "Fortaleza Cearense-ch"]
[Site "Fortaleza"]
[Date "2024.11.15"]
[Round "3"]
[White "De Saboya E Silva, Jose Frederico"]
[Black "De Maicy, Gabriel Mendes"]
[Result "0-1"]
[WhiteElo "1965"]
[BlackElo "1942"]
[PlyCount "78"]
[EventDate "2024.11.14"]
[EventType "swiss"]
[EventRounds "7"]
[EventCountry "BRA"]
[SourceTitle "CB49_2024"]
[SourceDate "2024.12.04"]
[SourceVersion "1"]
[SourceVersionDate "2024.12.04"]
[SourceQuality "1"]

1. Nf3 Nf6 2. c4 g6 3. g3 Bg7 4. Bg2 0-0 5. 0-0 d6 6. Nc3 c6 7. d3 d5 8. cxd5 cxd5 9. d4 Nc6 10. Bf4 Ne4 11. Rc1 Bf5 12. Ne5 Nxc3 13. Rxc3 Nxe5 14. dxe5 e6 15. Qd2 Rc8 16. Rxc8 Qxc8 17. Rc1 Qb8 18. h3 h5 19. f3 g5 20. Bxg5 Qxe5 21. b3 Qxg3 22. Bf4 Qg6 23. Kh2 e5 24. Bg5 Kh8 25. Re1 Rg8 26. e4 dxe4 27. fxe4 Be6 28. Re2 Bf8 29. Bh4 Bh6 30. Qe1 Bf4+ 31. Kh1 Rc8 32. Qf2 Rc3 33. Rc2 Rd3 34. Qf1 Rd6 35. Qf3 f5 36. exf5 Bxf5 37. Rf2 Rd3 38. Qe2 Bxh3 39. Be4 Qxe4+ 0-1

[Event "Canoa op"]
[Site "Canoa"]
[Date "2024.10.13"]
[Round "6"]
[White "Paulino, Arnold Torres"]
[Black "De Saboya E Silva, Jose Frederico"]
[Result "0-1"]
[WhiteElo "1844"]
[BlackElo "1987"]
[PlyCount "122"]
[EventDate "2024.10.11"]
[EventType "swiss"]
[EventRounds "6"]
[EventCountry "BRA"]
[SourceTitle "CB43_2024"]
[Source "Chessbase"]
[SourceDate "2024.10.23"]
[SourceVersion "1"]
[SourceVersionDate "2024.10.23"]
[SourceQuality "1"]

1. e4 c5 2. Nf3 Nc6 3. d4 cxd4 4. Nxd4 e6 5. Nc3 Qc7 6. Be3 a6 7. Qf3 Nf6 8. Qg3 d6 9. Be2 b5 10. Nxc6 Qxc6 11. Bf3 e5 12. Rc1 Be6 13. 0-0 b4 14. Nd5 Nxd5 15. exd5 Bxd5 16. Be2 Bc4 17. Bf3 e4 18. Bxe4 Qxe4 19. Rfe1 Be6 20. Bh6 Qg6 21. Qf3 Rd8 22. Qc6+ Rd7 23. Qc8+ Ke7 24. Bf4 Qf5 25. Bg3 Qc5 26. Qxa6 g6 27. Rcd1 Kd8 28. Qa8+ Ke7 29. Qa6 Qc7 30. Bh4+ Ke8 31. Qa8+ Rd8 32. Qa4+ Qd7 33. Qxb4 Be7 34. Bg3 Qc7 35. Qd4 Rg8 36. Qa4+ Kf8 37. c3 Kg7 38. Qe4 Rge8 39. h4 Qa5 40. b4 Qc7 41. h5 Qxc3 42. Bh4 g5 43. Bg3 Bf6 44. Rd3 Qc2 45. Re2 Qb1+ 46. Re1 Qxa2 47. f4 d5 48. Qf3 g4 49. Qf1 Bf5 50. Rdd1 Qc4 51. Rxe8 Rxe8 52. Qf2 d4 53. Bh4 Bxh4 54. Qxh4 h6 55. Qf2 d3 56. Qb2+ Kg8 57. Qf6 Qe6 58. Qb2 Qe2 59. Rd2 Qe1+ 60. Kh2 Qh4+ 61. Kg1 Re1# 0-1

[Event "Canoa op"]
[Site "Canoa"]
[Date "2024.10.11"]
[Round "2"]
[White "De Saboya E Silva, Jose Frederico"]
[Black "Almeida, Antoniel Lima"]
[Result "1-0"]
[WhiteElo "1987"]
[BlackElo "1822"]
[PlyCount "79"]
[EventDate "2024.10.11"]
[EventType "swiss"]
[EventRounds "6"]
[EventCountry "BRA"]
[SourceTitle "CB43_2024"]
[Source "Chessbase"]
[SourceDate "2024.10.23"]
[SourceVersion "1"]
[SourceVersionDate "2024.10.23"]
[SourceQuality "1"]

1. Nf3 Nf6 2. c4 e6 3. g3 d5 4. d4 Be7 5. Bg2 0-0 6. 0-0 dxc4 7. Ne5 c5 8. dxc5 Qc7 9. c6 b5 10. a4 Rd8 11. Qc2 Bd6 12. axb5 Bxe5 13. b6 Qxb6 14. c7 Qxc7 15. Bxa8 Bb7 16. Rxa7 Be4 17. Qa4 Qb6 18. Nc3 Bd4 19. Qa5 Qxa5 20. Rxa5 Nc6 21. Bxc6 Bxc6 22. Rd1 Ne4 23. Nxe4 Bxe4 24. Be3 Bb6 25. Rxd8+ Bxd8 26. Rc5 Kf8 27. Rxc4 Bd5 28. Bc5+ Ke8 29. Ra4 Bc7 30. f3 Kd7 31. e4 Bb7 32. Kf2 Kc6 33. b4 h5 34. Ke3 g5 35. Ra7 f5 36. exf5 exf5 37. b5+ Kxc5 38. Rxb7 f4+ 39. Ke4 fxg3 40. Rxc7+ 1-0